000 00985nam0a22002771 4500
001 rc\3524141
005 20250610014136.0
035 _a(NLR Aleph) 007624633
090 _a5957546
_c5957546
100 _a20130115d1970 |||y0rusy50 ca
101 0 _arus
102 _aRU
105 _ay z |||||
200 1 _aОтчет о командировке в Финляндию
_fАН СССР. Всесоюз. ин-т науч. и техн. информации
210 _aМосква
_cБ. и.
_d1970
215 _a19 с.
_d22
300 _aПеред загл. авт.: М.В. Вабар
300 _aНа 3-й с.: канд. геогр. наук М.М. Вабар
320 _aБиблиогр.: с. 13-19
333 _aДля служебного пользования. Экз. № 000007
700 1 _aВабар
_bМ.М.
_gМарт Микхелевич
801 0 _aRU
_bNLR
_gpsbo
801 1 _aRU
_bELAR
_2rusmarc
852 _aNLR
_j71-50К/881
942 _cBOOK
980 _aNB